Tezcatlipoca es el Oztoteotl de Chalma (Record no. 9723)

MARC details
000 -CABECERA
campo de control de longitud fija 00964nam a2200277 a 4500
001 - NÚMERO DE CONTROL
campo de control BRL_911
005 - FECHA Y HORA DE LA ÚLTIMA TRANSACCIÓN
campo de control 20190320210941.0
008 - DATOS DE LONGITUD FIJA--INFORMACIÓN GENERAL
campo de control de longitud fija 231013s1957----mx-a######---#000-0#spa-#
041 ## - CÓDIGO DE LENGUA
Código de lengua del texto/banda sonora o título independiente spa
044 ## - CÓDIGO DEL PAÍS DE LA ENTIDAD EDITORA/PRODUCTORA
Código MARC del país mx
050 #4 - SIGNATURA TOPOGRÁFICA DE LA BIBLIOTECA DEL CONGRESO
Número de clasificación F1219.76
Número de documento/Ítem .R66 1957
100 1# - ENTRADA PRINCIPAL--NOMBRE DE PERSONA
Nombre de persona Romero Q., Javier
9 (RLIN) 25303
245 10 - MENCIÓN DE TÍTULO
Título Tezcatlipoca es el Oztoteotl de Chalma
Resto del título Toponímia
Mención de responsabilidad, etc. por Javier romero Q. ; dibujos Edmundo Calderón.
260 ## - PUBLICACIÓN, DISTRIBUCIÓN, ETC.
Lugar de publicación, distribución, etc. Toluca, Mex.
Nombre del editor, distribuidor, etc. Gobierno del Estado de México, Dirección de Turismo
Fecha de publicación, distribución, etc. 1957
300 ## - DESCRIPCIÓN FÍSICA
Extensión 61 p.
Otras características físicas il.
Dimensiones 23 cm.
500 ## - NOTA GENERAL
Nota general Au1041
500 ## - NOTA GENERAL
Nota general En la encudernación : ´Año de la constitución de 1857 y del pensamiento Liberal Mexicano´
504 ## - NOTA DE BIBLIOGRAFÍA, ETC.
Nota de bibliografía, etc. Bibliografía: p. 61
650 14 - PUNTO DE ACCESO ADICIONAL DE MATERIA--TÉRMINO DE MATERIA
Término de materia o nombre geográfico como elemento de entrada Aztecas
Subdivisión general Religión
9 (RLIN) 5290
651 #4 - PUNTO DE ACCESO ADICIONAL DE MATERIA--NOMBRE GEOGRÁFICO
Nombre geográfico Chalco (México)
Subdivisión general Antigüedades
9 (RLIN) 25304
651 #4 - PUNTO DE ACCESO ADICIONAL DE MATERIA--NOMBRE GEOGRÁFICO
Nombre geográfico Malinalco (México)
Subdivisión general Antigüedades
9 (RLIN) 25305
700 1# - PUNTO DE ACCESO ADICIONAL--NOMBRE DE PERSONA
Nombre de persona Calderón, Edmundo
Término indicativo de función/relación il.
9 (RLIN) 25306
740 0# - PUNTO DE ACCESO ADICIONAL--TÍTULO RELACIONADO O ANALÍTICO NO CONTROLADO
Título relacionado o analítico no controlado Chalma y Malinalco
902 ## - CATALOGADOR
Iniciales GRL
942 ## - ELEMENTOS DE PUNTO DE ACCESO ADICIONAL (KOHA)
Fuente del sistema de clasificación o colocación Library of Congress Classification
Tipo de ítem Koha Libros
Holdings
Estado de retiro Estado de pérdida Estado dañado No para préstamo Localización permanente Ubicación/localización actual Fecha de adquisición Número de inventario Total de préstamos Signatura topográfica completa Código de barras Fecha visto por última vez Precio válido a partir de Tipo de ítem Koha
El ejemplar forma parte de la colección y puede ser consultado según las políticas vigentes.       Biblioteca Centro de Estudios Ruth D. Lechuga Biblioteca Centro de Estudios Ruth D. Lechuga 23/10/2013 Au1041   F1219.76 .R66 1957 (Au1041) GRL00989 22/03/2019 22/03/2019 Libros